000 01060cab a2200277 4500
001 E2046
008 090401t1993 xxu||||| |||| 00| 0 eng d
035 _a(Sirsi) u37233
041 _aeng
245 _aMacMillan v MacKenzie
260 _c1993
350 _a0
490 _aSLC
_v1993 R 46-55(10)
520 _aSLC Application Lochaber RN 256 - order of 17 January 1994. The applicant obtained certain shares in a common grazings and thereafter applied and obtained a partial apportionment as a result of which his souming remaining in the grazings was reduced. He then fenced the apportionment and thereafter sought to acquire the apportionment by way of an application to the Court.
650 _aAPPORTIONMENT
650 _aCOMMON GRAZINGS
650 _aCROFTERS (SCOTLAND) ACT 1955
650 _aCROFTING REFORM (SCOTLAND) ACT 1976
650 _aCROFTING
650 _aSCOTLAND
650 _aSCOTTISH LAND COURT
650 _aSLC
690 _aLANDLORD AND TENANT-CASE LAW-AGRICULTURAL TENANCIES
942 _n0
948 _c04/03/1997
999 _c24086
_d24086